=LDR 00000nam 2200000 4500 =001 INLIS000000000041135 =005 20130612150701 =008 ***********************************ind** =035 ##$$0010-061300000041135 =041 ##$$a ind =082 ##$$a 650.1 =090 ##$$a 650.1, Sam t =100 ##$$a SAMURAI =245 ##$$a Tersesat ke jalan yang benar, Ilmu bisnis ala entrepreneur jalanan, Samurai =260 ##$$a 2011 $b Yogyakarta =300 ##$$a Xvi,128 Hlm, 20 cm =650 ##$$a BISNIS - SUKSES =850 ##$$a NBPNMAT =990 ##$$a 0001/BPAP-NTB/2016